| 000 | 01619nam0a22002891 4500 | ||
|---|---|---|---|
| 001 | rc\483116 | ||
| 005 | 20250621102249.0 | ||
| 035 | _a(NLR Aleph) 005725833 | ||
| 090 |
_a7527366 _c7527366 |
||
| 100 | _a20030616d1987 |||y0rusy50 ca | ||
| 101 | 0 | _arus | |
| 102 | _aRU | ||
| 105 | _ay ||||||||| | ||
| 200 | 1 |
_aОпыт работы по повышению качества продукции промышленности строительных материалов _fКандидаты экон. наук В.Я.Оськин, С.С. Зубакова |
|
| 210 |
_aМ. _cВНИИЭСМ _d1987 |
||
| 215 |
_a34 с. _d20 |
||
| 225 | 1 |
_aПромышленность строительных материалов _hСерия 12 _iЭкономика, планирование, управление и организация предприятий промышленности строительных материалов _eВ помощь экон. образованию специалистов _eОбзор. информ. _fВНИИ НТИ и экономики пром-сти строит. материалов _vВып. 2 |
|
| 300 | _aНа обл. авт. не указаны | ||
| 300 | _aВ надзаг. также: М-во пром-сти строит. материалов СССР | ||
| 320 | _aБиблиогр. в подстроч. примеч. | ||
| 700 | 1 |
_aОськин _bВ.Я. _gВадим Яковлевич |
|
| 701 | 1 |
_aЗубакова _bС.С. _gСветлана Сергеевна |
|
| 801 | 0 |
_aRU _bNLR _gpsbo |
|
| 801 | 1 |
_aRU _bELAR _2rusmarc |
|
| 852 |
_aNLR _jП22/4921 |
||
| 942 | _cBOOK | ||
| 980 | _aNB | ||